000 00228nam a22000857a 4500
008 161206b xxu||||| |||| 00| 0 eng d
100 _91849
_aNavdeep
245 _aTreasure of Knowledge
260 _aNew delhi
_bNavdeep Publication
_c2005
999 _c4595
_d4595